| 000 | 00520nam a22001577a 4500 | ||
|---|---|---|---|
| 003 | OSt | ||
| 005 | 20130531124359.0 | ||
| 008 | 130426s2005 sp ||||| |||| 10| 0 spa d | ||
| 040 | _cCDMR | ||
| 245 |
_aPeriodismo digital _b: ¿qué poder? ¿qué responsabilidad? : IV Jornada de Periodismo Coca-Cola, Madrid 17 de mayo 2005 |
||
| 260 |
_aMadrid _bAsociación de Periodistas Europeos _c2005 |
||
| 300 | _a178 p. | ||
| 650 | 0 | 4 |
_93079 _aMitjans de comunicació digitals |
| 650 | 0 | 4 |
_9983 _aÈtica periodística |
| 942 |
_2udc _cMON |
||
| 999 |
_c6157 _d6157 |
||